000 00603nam a2200205Ia 4500
005 20250326144713.0
008 250326s9999 xx 000 0 und d
020 _a81-203-2353-X
037 _aAnnuals, Advances
040 _aFMSL
_beng
_cFMSL
041 _aeng
_2eng
084 _aX:8ogD658(2:55) P4;1
_qFMSL
100 _aLaudon K C
245 0 _aManagement information systems
_cLaudon K C; Laudon J P
250 _a8
260 _aNew Delhi
_bNew Delhi, Prentice-Hall
_c2004
300 _a571p
942 _cTB
_hX:8ogD658(2:55) P4;1
999 _c1304681
_d1304681